| 000 | 01556cam a2200373 a 4500 | ||
|---|---|---|---|
| 001 | 15579424 | ||
| 003 | OSt | ||
| 005 | 20150408114155.0 | ||
| 008 | 090108s2009 flua b 001 0 eng | ||
| 010 | _a 2009000533 | ||
| 020 | _a9781420071429 (hardcover : alk. paper) | ||
| 020 | _a1420071424 (hardcover : alk. paper) | ||
| 035 | _a(OCoLC)172980272 | ||
| 040 |
_aDLC _cDLC _dBTCTA _dBAKER _dYDXCP _dC#P _dBWX _dDVP _dCDX _dDLC |
||
| 050 | 0 | 0 |
_aQA268 _b.H365 2009 |
| 082 | 0 | 0 |
_a003.54 _222 _bHDA |
| 100 | 1 |
_aHardy, Darel W. _940579 |
|
| 245 | 1 | 0 |
_aApplied algebra : _bcodes, ciphers, and discrete algorithms / _cDarel W. Hardy, Fred Richman, Carol L. Walker. |
| 250 | _a2nd ed. | ||
| 260 |
_aBoca Raton : _bCRC Press, _cc2009. |
||
| 300 |
_a410 p. : _bill. ; _c24 cm. + _e1 CD-ROM (4 3/4 in.). |
||
| 490 | 1 | _aDiscrete mathematics and its applications | |
| 500 | _a"A Chapman & Hall book." | ||
| 504 | _aIncludes bibliographical references (p. 395-396) and index. | ||
| 650 | 0 | _aCoding theory. | |
| 650 | 0 |
_aComputer security _xMathematics. _940580 |
|
| 700 | 1 |
_aWalker, Carol L., _d1935- _940581 |
|
| 700 | 1 |
_aRichman, Fred, _d1938- _940582 |
|
| 830 | 0 |
_aDiscrete mathematics and its applications. _940137 |
|
| 856 | 4 | 1 |
_3Table of contents only _uhttp://www.loc.gov/catdir/toc/fy0906/2009000533.html |
| 906 |
_a7 _bcbc _corignew _d1 _eecip _f20 _gy-gencatlg |
||
| 942 |
_2ddc _cDVD |
||
| 999 |
_c32388 _d266888 |
||